| 000 | 00717nam a2200229 a 4500 | ||
|---|---|---|---|
| 999 |
_c2431 _d2431 |
||
| 001 | 2431 | ||
| 003 | BD-JhCC | ||
| 005 | 20221207134022.0 | ||
| 008 | 171102s2017 bg |||| |||| 000 0 ben d | ||
| 020 | _a9844951399 | ||
| 035 | _a(BD-JhCC)2431 | ||
| 040 |
_aBD-JhCC _dBD-JhCC |
||
| 041 | _aben | ||
| 082 |
_a891.443 _bIQB 2017 |
||
| 100 | _aইকবাল, মুহাম্মদ জাফর | ||
| 245 |
_aআমি তপু / _c মুহাম্মদ জাফর ইকবাল |
||
| 260 |
_aঢাকা : _bপার্ল পাবলিকেশন্স, _c২০১৭. |
||
| 300 |
_a১২২ পৃ. : _c২২ সেমি. |
||
| 650 | _aBengali novel | ||
| 942 |
_2ddc _cBK _06 |
||